000 00297nam a22001337a 4500
008 180918b xxu||||| |||| 00| 0 eng d
041 _aeng
080 _a37
082 _a37
100 _a25
101 _aEDU
245 _aActivities for Trainers 50 useful designs
_cMill,C.R
942 _2udc
_cBK
999 _c47876
_d47876